000 00888cab a2200205 4500
001 ##L132593
008 060221n2006 000 0 eng u
035 _a(Sirsi) u132593
041 0 _aeng
100 1 _aReddy, Clare
245 0 0 _aHow to talk turkey
260 _c2006
490 0 _aBuilding
_v271(8418) 17 February 2006, 56-57(2)
520 _aDiscusses the Public Contracts Regulations 2006, which are now in force. The regulations introduce a competitive dialogue procedure for particularly complex contracts, which is designed to allow the contracting authority to work out how best to satisfy its needs, although the definition of a particularly complex contract is not entirely clear. Outlines the procedure itself.
590 _aIKA280206
650 2 4 _aDIRECTIVE 2004/18/EC
650 2 4 _aPUBLIC CONTRACTS REGULATIONS 2006
690 _aProcurement
_96260
942 _n0
999 _c76516
_d76516